00390cas a2200133u| 4500082003300000110004400033245005500077260001800132300001100150526003700161650003800198650001200236650000800248 a620.1820287bAMEcL-36, P-162 aAmerican Society for Testing Materials.10aA. S. T. M. standards on copper and copper alloys. cPhiladelphia. ap. cm. a0b0c0d620_182028700000000_AME 0aCopper alloys. [from old catalog] 0aCopper. 0aMCE